000 00351cam a2200133ua 4500
041 _aeng
_h
100 _aBridger, R.S .
245 _aIntroduction to ergonomics /
_cR.S Bridger.
_hTextual Documents
260 _aSingapore :
_bMcGraw-Hill International Book Company ,
_c1995.
300 _a ; .
504 _a
942 _cBK
999 _c12998
_d12998